| 000 | 01193cam a2200385 4500 | ||
|---|---|---|---|
| 008 | 090401t1995 xxu||||| |||| 00| 0 eng d | ||
| 020 | _a0854067175 | ||
| 022 | _a1354-506X | ||
| 035 | _a(Sirsi) u63047 | ||
| 041 | _aeng | ||
| 050 |
_a711.14 _c18 |
||
| 090 | _aRICS 1995/88ABCD | ||
| 100 | _aRowan Robinson, Jeremy | ||
| 245 |
_aCompensation for the compulsory acquisition of business interests _bsatisfaction or sacrifice? |
||
| 260 |
_aLondon _bRICS _c1995 |
||
| 300 |
_ai, 21p. _c30cm. |
||
| 350 | _a7.95 | ||
| 490 |
_aRICS Foundation Research Papers _v1(7) |
||
| 650 | _aBLIGHT | ||
| 650 | _aPROPERTY-COMMERCIAL PROPERTY | ||
| 650 | _aCOMPENSATION | ||
| 650 | _aCOMPULSORY ACQUISITION | ||
| 650 |
_aCompulsory purchase _96228 |
||
| 650 | _aDISTURBANCE | ||
| 650 | _aREFORM | ||
| 650 | _aSCOTLAND | ||
| 690 | _aENVIRONMENTAL AND LAND CONSULTANCY-PLANNING AND DEVELOPMENT-COMPULSORY PURCHASE AND COMPENSATION | ||
| 700 | _aHutchison, Norman | ||
| 700 | _aNanthakumaran, Nanada | ||
| 700 |
_aBarrett, Peter _xEditor |
||
| 710 |
_aRoyal Institution of Chartered Surveyors _94900 |
||
| 710 |
_aUniversity of Aberdeen _92596 |
||
| 942 | _n0 | ||
| 948 | _c04/03/1997 | ||
| 999 |
_c94502 _d94502 |
||